Loading...
Computer applications in food production and agricultural enrineering
| Main Author: | |
|---|---|
| Format: | Printed Book |
| Language: | Undetermined English Malayalam |
| Published: |
Netherlands
North Holland publishing
1982
|
| Subjects: |
| LEADER | 00619nam a2200181Ia 4500 | ||
|---|---|---|---|
| 008 | 140306s9999 xx 000 0 und d | ||
| 041 | |a eng | ||
| 041 | |a mal | ||
| 082 | |a 631.3 |b KAL/CO | ||
| 100 | |a Kalman, R.E | ||
| 245 | |a Computer applications in food production and agricultural enrineering | ||
| 260 | |a Netherlands |b North Holland publishing |c 1982 | ||
| 300 | |a 334 | ||
| 365 | |b FL.100 | ||
| 650 | |a Agriculture equpement | ||
| 942 | |2 ddc |c BK | ||
| 999 | |c 111691 |d 111691 | ||
| 952 | |0 0 |1 0 |2 ddc |4 0 |6 631_300000000000000_KALCO |7 0 |9 109361 |a KAUHCV |b KAUHCV |d 2004-04-05 |g 100.00 |o 631.3 KAL/CO |p KAU_HCV-20376 |r 2014-03-22 |w 2014-03-22 |y BK | ||